[Event "13th Asian Continental 2014"]
[Site "Sharjah UAE"]
[Date "2014.04.21"]
[Round "5.18"]
[White "Akshat, Khamparia"]
[Black "Wan, Yunguo"]
[Result "0-1"]
[WhiteTitle "IM"]
[BlackTitle "IM"]
[WhiteElo "2374"]
[BlackElo "2505"]
[WhiteFideId "5016541"]
[BlackFideId "8603189"]
[EventDate "2014.04.17"]

1. d4 Nf6 2. c4 g6 3. Nc3 Bg7 4. e4 d6 5. Be2 O-O 6. Bg5 Na6 7. f4 c6 8. Nf3 Nc7
9. Bh4 Bh6 10. g3 d5 11. e5 Ne4 12. Nxe4 dxe4 13. Ng5 Bxg5 14. Bxg5 Ne6 15. Qd2
Nxd4 16. Bxe7 Qxe7 17. Qxd4 Rd8 18. Qc3 h5 19. O-O Bg4 20. Bxg4 Rd3 21. Qe1 hxg4
22. Qxe4 Rad8 23. Rae1 Qc5+ 24. Kh1 R8d4 25. Qe2 Rd2 26. Qxg4 Rxc4 27. Re2 Qd5+
28. Kg1 Rcc2 29. Rfe1 Rxe2 30. Rxe2 Qd1+ 31. Kf2 Rxb2 32. Qc8+ Kg7 33. Rxb2 Qd4+
34. Kf3 Qxb2 35. Qd7 Qa3+ 36. Kg4 Qxa2 37. Qxb7 Qxh2 38. Kf3 a5 39. Qe7 Qh1+ 40.
Kf2 Qh2+ 41. Kf3 Qh1+ 42. Kf2 Qd5 43. Qf6+ Kh7 44. g4 Qe6 45. Qh4+ Kg7 46. Kg3
a4 47. Qh1 a3 48. Qc1 Qb3+ 49. Kh4 Qb2 50. Qh1 a2 51. Kg5 f6+ 0-1

[Event "13th Asian Continental 2014"]
[Site "Sharjah UAE"]
[Date "2014.04.21"]
[Round "5.19"]
[White "Idani, Pouya"]
[Black "Xu, Yinglun"]
[Result "1-0"]
[WhiteTitle "IM"]
[WhiteElo "2502"]
[BlackElo "2381"]
[WhiteFideId "12510130"]
[BlackFideId "8604940"]
[EventDate "2014.04.17"]

1. d4 d5 2. c4 e6 3. Nc3 Be7 4. Nf3 Nf6 5. Bf4 O-O 6. Rc1 dxc4 7. e4 c5 8. Bxc4
Nc6 9. d5 exd5 10. exd5 Na5 11. Be2 Bd6 12. Bxd6 Qxd6 13. O-O b6 14. Nd2 Bb7 15.
Bf3 Rad8 16. Nde4 Nxe4 17. Bxe4 Qf6 18. Qc2 h6 19. Rfd1 Nc4 20. d6 Nxd6 21. Rxd6
Qxd6 22. Bxb7 Qd2 23. g3 Qxc2 24. Rxc2 Rfe8 25. b3 Re7 26. Ba6 Rd4 27. Bc4 Kf8
28. a4 Re1+ 29. Kg2 Ra1 30. h4 g6 31. Re2 Rc1 32. Re3 Rc2 33. Rf3 Rd7 34. h5
gxh5 35. Nd5 h4 36. gxh4 Rd2 37. Rf5 Rd4 38. Kg3 Kg7 39. Re5 Rd2 40. Ne3 Kf6 41.
Ng4+ Kg7 42. Ne3 Kf6 43. Re8 Rd8 44. Re4 R2d4 45. Ng4+ Kg7 46. Re5 R8d7 47. h5
Rd2 48. Ne3 Kf6 49. f4 Rb2 50. Ng4+ Kg7 51. f5 a6 52. f6+ Kf8 53. Nxh6 Rb1 54.
Nf5 b5 55. axb5 axb5 56. Rxc5 Kg8 57. Rxb5 Kh7 58. Rd5 1-0

[Event "13th Asian Continental 2014"]
[Site "Sharjah UAE"]
[Date "2014.04.21"]
[Round "5.20"]
[White "Omar, Noaman"]
[Black "Shyam, Sundar M."]
[Result "1/2-1/2"]
[WhiteTitle "IM"]
[BlackTitle "GM"]
[WhiteElo "2361"]
[BlackElo "2481"]
[WhiteFideId "9300244"]
[BlackFideId "5019141"]
[EventDate "2014.04.17"]

1. d4 e6 2. c4 c5 3. d5 exd5 4. cxd5 d6 5. Nc3 a6 6. a4 Ne7 7. Nf3 Ng6 8. h4 Nd7
9. h5 Nge5 10. Nxe5 Nxe5 11. h6 g6 12. e4 Be7 13. Be2 O-O 14. f4 Nd7 15. Bf3 Bf6
16. Be3 Rb8 17. Qd2 b5 18. axb5 axb5 19. Rc1 b4 20. Nd1 Ra8 21. O-O Re8 22. g4
Ra2 23. g5 Bh8 24. Rf2 Ba6 25. Qc2 c4 26. Qb1 Ra5 27. Rfc2 Nc5 28. Rxc4 Bxc4 29.
Rxc4 f6 30. gxf6 Qxf6 31. Rxb4 Qh4 32. Kg2 Qe1 33. Rb6 Na4 34. Rb7 Nc5 35. Rb6
Na4 36. Rb7 Nc5 37. Rb6 1/2-1/2

[Event "13th Asian Continental 2014"]
[Site "Sharjah UAE"]
[Date "2014.04.21"]
[Round "5.21"]
[White "Sengupta, Deep"]
[Black "Fang, Yan"]
[Result "1-0"]
[WhiteTitle "GM"]
[WhiteElo "2531"]
[BlackElo "2323"]
[WhiteFideId "5008352"]
[BlackFideId "8604746"]
[EventDate "2014.04.17"]

1. e4 c5 2. Nc3 g6 3. h4 h5 4. Bc4 Nc6 5. d3 Bg7 6. Bg5 d6 7. Qd2 Nf6 8. Nge2 a6
9. a4 Bd7 10. f3 e6 11. d4 cxd4 12. Nxd4 Rc8 13. Nde2 Na5 14. Bb3 Qb6 15. Rd1
Nxb3 16. cxb3 d5 17. a5 Qxa5 18. Qd4 1-0

[Event "13th Asian Continental 2014"]
[Site "Sharjah UAE"]
[Date "2014.04.21"]
[Round "5.22"]
[White "Khader, Sami"]
[Black "Vaibhav, Suri"]
[Result "0-1"]
[WhiteTitle "IM"]
[BlackTitle "GM"]
[WhiteElo "2356"]
[BlackElo "2530"]
[WhiteFideId "8100500"]
[BlackFideId "5045185"]
[EventDate "2014.04.17"]

1. d4 Nf6 2. c4 e6 3. Nf3 d5 4. g3 dxc4 5. Bg2 Nc6 6. Qa4 Bd7 7. Qxc4 Na5 8. Qc2
Rc8 9. Ne5 c5 10. Nxd7 Qxd7 11. dxc5 Bxc5 12. Nc3 Bb4 13. O-O Bxc3 14. bxc3 O-O
15. Rd1 Rxc3 16. Qxc3 Qxd1+ 17. Bf1 Qa4 18. Bg2 Qd1+ 19. Bf1 Qa4 20. Bg2 Rd8 21.
Bg5 Rd1+ 22. Rxd1 Qxd1+ 23. Bf1 Qd8 24. Bg2 Qd1+ 25. Bf1 Qd8 26. Bg2 b6 27. Bxf6
gxf6 28. h4 Kg7 29. Bf3 Qd6 30. Qc2 b5 31. Qe4 Nc4 32. Qg4+ Kh8 33. h5 h6 34.
Qe4 Kg7 35. Qg4+ Kh8 36. Qe4 Qc5 37. Qf4 Kg7 38. Qg4+ Qg5 39. Qd4 a5 40. e3 Qe5
41. Qg4+ Kf8 42. Kg2 Nd6 43. Qh4 b4 44. Qh1 a4 45. Qd1 b3 46. axb3 a3 47. Qd2
Kg7 48. Bc6 Qb2 49. Qxd6 a2 50. Be8 a1=Q 51. Qc7 Qa8+ 52. Bc6 0-1

[Event "13th Asian Continental 2014"]
[Site "Sharjah UAE"]
[Date "2014.04.21"]
[Round "5.23"]
[White "Raes, Abdul Kader"]
[Black "Gao, Rui"]
[Result "0-1"]
[BlackTitle "GM"]
[WhiteElo "2248"]
[BlackElo "2484"]
[WhiteFideId "7600801"]
[BlackFideId "8602387"]
[EventDate "2014.04.17"]

1. e4 c5 2. Nf3 d6 3. Bb5+ Nc6 4. O-O Bd7 5. Re1 Nf6 6. c3 a6 7. Bf1 Bg4 8. h3
Bxf3 9. Qxf3 g6 10. d3 Bg7 11. Be3 Nd7 12. Nd2 O-O 13. g4 b5 14. a3 Rb8 15. Qd1
e5 16. Bg2 Re8 17. Nf1 Nf8 18. Ng3 Ne6 19. Ne2 Qb6 20. Kh1 a5 21. Qd2 b4 22.
axb4 axb4 23. Ra4 Ra8 24. Rea1 Rxa4 25. Rxa4 Rb8 26. Kh2 Qb5 27. Ra1 Qb7 28. Qd1
h6 29. Bf3 Kh7 30. Qa4 Qc7 31. Kg2 Ng5 32. Bxg5 hxg5 33. Ng3 Nd8 34. Bd1 Ne6 35.
Ne2 c4 36. Qc2 b3 37. Qb1 Qc6 38. f3 d5 39. exd5 Qxd5 40. dxc4 Qd2 41. Kf1 Bf8
42. Qc1 Qd3 43. Kg2 Rd8 44. Ng1 Nf4+ 45. Kg3 Qf1 0-1

[Event "13th Asian Continental 2014"]
[Site "Sharjah UAE"]
[Date "2014.04.21"]
[Round "5.24"]
[White "Darini, Pouria"]
[Black "Nezad, Husein Aziz"]
[Result "1/2-1/2"]
[WhiteTitle "GM"]
[BlackTitle "IM"]
[WhiteElo "2471"]
[BlackElo "2366"]
[WhiteFideId "12502200"]
[BlackFideId "12100293"]
[EventDate "2014.04.17"]

1. e4 e5 2. Nf3 Nc6 3. Bb5 a6 4. Ba4 Nf6 5. O-O b5 6. Bb3 Bc5 7. a4 Rb8 8. c3 d6
9. d4 Bb6 10. axb5 axb5 11. Na3 O-O 12. Nxb5 Bg4 13. Bc2 exd4 14. Nbxd4 Nxd4 15.
cxd4 Bxf3 16. gxf3 Nh5 17. Kh1 Qf6 18. Be3 c5 19. Rg1 cxd4 20. Bg5 Qe5 21. f4
Nxf4 22. Qg4 Ng6 23. Bd3 Bd8 24. f4 Qe8 25. Bxd8 Qxd8 26. f5 Rxb2 27. fxg6 hxg6
28. Bc4 d5 29. Bxd5 Qd6 30. Qg3 Qxg3 31. Rxg3 Rc8 32. Rf3 Rc3 33. Raf1 Kh7 34.
Bxf7 Re2 35. Bd5 g5 36. Rxc3 dxc3 37. Rc1 c2 38. Bb3 Re3 39. Bxc2 Rc3 40. e5+
Kh6 41. e6 1/2-1/2

[Event "13th Asian Continental 2014"]
[Site "Sharjah UAE"]
[Date "2014.04.21"]
[Round "5.25"]
[White "Pourramezanali, Amirreza"]
[Black "Mamyrbay, Assad"]
[Result "1-0"]
[WhiteTitle "FM"]
[WhiteElo "2435"]
[BlackElo "2017"]
[WhiteFideId "12511412"]
[BlackFideId "13708880"]
[EventDate "2014.04.17"]

1. Nf3 Nf6 2. d4 g6 3. Nc3 d5 4. Bf4 Bg7 5. Qd2 c5 6. dxc5 O-O 7. O-O-O Qa5 8.
Kb1 Qxc5 9. Be3 Qb4 10. a3 Qd6 11. Nxd5 Nc6 12. Bf4 e5 13. Nxf6+ Qxf6 14. Bg5
Qf5 15. Bh6 Be6 16. Bxg7 Rfd8 17. Qe1 Kxg7 18. e4 Rxd1+ 19. Qxd1 Qxe4 20. Ng5
Qf5 21. Nxe6+ Qxe6 22. Bd3 Rd8 23. Re1 b5 24. Qe2 b4 25. Bc4 Qd6 26. axb4 Nxb4
27. c3 Nc6 28. Bb3 Qc5 29. Qc4 Qxc4 30. Bxc4 Kf6 31. Kc2 Rd7 32. b4 Rc7 33. Kb3
Nb8 34. Rd1 Ke7 35. Bb5 f6 36. Ra1 Rb7 37. c4 Kd8 38. Ra5 f5 39. c5 e4 40. Kc4
f4 41. Ra2 g5 42. Re2 Re7 43. Ba4 e3 44. fxe3 Re4+ 45. Kc3 a5 46. Rd2+ Kc7 47.
exf4 axb4+ 48. Kb3 Rxf4 49. Rd6 h5 50. Bb5 Rf2 51. Rh6 h4 52. Rh7+ Kc8 53. Kxb4
Rxg2 54. Ka5 Rf2 55. Kb6 Rf6+ 56. c6 Nxc6 57. Bxc6 Kd8 58. h3 Rd6 59. Kc5 Rd3
60. Bd5 Rxh3 61. Kd6 Re3 62. Rd7+ Ke8 63. Rg7 Kd8 64. Rxg5 h3 65. Rh5 Re1 66.
Rxh3 Re2 67. Rh7 Re1 68. Rb7 Rc1 69. Bb3 Rc3 70. Be6 Rd3+ 71. Bd5 Rc3 72. Rd7+
Ke8 73. Rg7 1-0

[Event "13th Asian Continental 2014"]
[Site "Sharjah UAE"]
[Date "2014.04.21"]
[Round "5.26"]
[White "Najjar, Ahmad"]
[Black "Muniz Pardino, Alberto"]
[Result "0-1"]
[WhiteTitle "FM"]
[WhiteElo "2261"]
[BlackElo "2105"]
[WhiteFideId "5300100"]
[BlackFideId "2229560"]
[EventDate "2014.04.17"]

1. d4 d5 2. Bf4 Nf6 3. e3 c5 4. Nf3 Nc6 5. Nc3 Bg4 6. Be2 e6 7. O-O Be7 8. h3
Bh5 9. a3 O-O 10. dxc5 Bxc5 11. b4 Be7 12. Rc1 Rc8 13. Nb1 a6 14. c4 dxc4 15.
Rxc4 b5 16. Rc1 Qb6 17. Nbd2 Rfd8 18. Qc2 Nd4 19. exd4 Rxc2 20. Rxc2 Nd5 21. Be3
Bg6 22. Rcc1 a5 23. a4 Nxe3 24. fxe3 bxa4 25. b5 a3 26. Rc6 Qb8 27. Ne5 Bb4 28.
Nb3 Be4 29. Ra6 f6 30. Nc6 Qg3 31. Bf3 Bxf3 32. Rxf3 Qe1+ 33. Rf1 Qxe3+ 34. Kh1
Qd3 35. Kg1 Qxb5 36. Nxb4 Qxb4 37. Nxa5 Qxd4+ 38. Kh2 Qd3 0-1

[Event "13th Asian Continental 2014"]
[Site "Sharjah UAE"]
[Date "2014.04.21"]
[Round "5.27"]
[White "Shehab, Ibrahim"]
[Black "Al-Hadarani, Hatim"]
[Result "0-1"]
[BlackTitle "FM"]
[WhiteElo "2082"]
[BlackElo "2249"]
[WhiteFideId "10300082"]
[BlackFideId "9400273"]
[EventDate "2014.04.17"]

1. d4 Nf6 2. c4 c5 3. d5 d6 4. Nc3 e5 5. e4 Be7 6. Be2 O-O 7. Be3 Na6 8. h3 Nc7
9. Nf3 a6 10. a4 b6 11. Qd2 Rb8 12. Rd1 Bd7 13. Nxe5 dxe5 14. d6 Ne6 15. dxe7
Qxe7 16. Nd5 Nxd5 17. exd5 Nd4 18. Bxd4 exd4 19. O-O Rfe8 20. Bf3 Qf6 21. Be2
Re5 22. b3 Rbe8 23. Bd3 Qe7 24. Qf4 h6 25. Kh2 f5 26. Kg1 Kh8 27. Ra1 Qf6 28.
Rad1 g5 29. Qf3 f4 30. Kh1 Kg7 31. Kg1 h5 32. Qxh5 Rh8 33. Qf3 g4 34. hxg4 Qh4
35. Qh3 Qg5 36. Qxh8+ Kxh8 37. f3 Re3 38. Rd2 Qe7 39. Kf2 Qh4+ 40. Kg1 Kg7 41.
Bc2 Qe7 42. Kf2 Kf6 43. Rh1 Rxf3+ 44. gxf3 Qe3+ 45. Kf1 Qxd2 46. Rh6+ Kg7 47.
Rh7+ Kg8 48. Be4 d3 49. Rxd7 Qe2+ 50. Kg1 d2 51. Rd8+ Kf7 52. Bc2 Qe1+ 53. Kg2
Qg3+ 0-1

[Event "13th Asian Continental 2014"]
[Site "Sharjah UAE"]
[Date "2014.04.21"]
[Round "5.28"]
[White "Igonin, Temur"]
[Black "Al-Hajiri, Bader"]
[Result "1-0"]
[WhiteTitle "FM"]
[WhiteElo "2194"]
[BlackElo "2095"]
[WhiteFideId "14203049"]
[BlackFideId "10300163"]
[EventDate "2014.04.17"]

1. e4 e5 2. Nf3 Nf6 3. Nxe5 d6 4. Nf3 Nxe4 5. d4 d5 6. Bd3 Nc6 7. O-O Be7 8. Re1
Bg4 9. c4 Nf6 10. cxd5 Qxd5 11. Be2 O-O-O 12. Nc3 Qf5 13. Be3 Nd5 14. h3 Nxe3
15. fxe3 Bxh3 16. gxh3 Rd6 17. Bf1 Rg6+ 18. Kh1 Rg3 19. Bg2 Rd8 20. Qe2 Rd6 21.
Rf1 Qh5 22. Ne4 1-0

[Event "13th Asian Continental 2014"]
[Site "Sharjah UAE"]
[Date "2014.04.21"]
[Round "5.29"]
[White "Ayyad, Maher"]
[Black "Chahrour, Ibrahim"]
[Result "1/2-1/2"]
[WhiteTitle "FM"]
[BlackTitle "FM"]
[WhiteElo "2161"]
[BlackElo "2079"]
[WhiteFideId "11200235"]
[BlackFideId "5301653"]
[EventDate "2014.04.17"]

1. d4 Nf6 2. Nf3 g6 3. c4 Bg7 4. Nc3 d6 5. e4 O-O 6. Be2 e5 7. O-O Nc6 8. d5 Ne7
9. b4 Nh5 10. Re1 f5 11. Ng5 Nf6 12. Bf3 h6 13. Ne6 Bxe6 14. dxe6 c6 15. Ba3 Qc7
16. Qb3 fxe4 17. Bxe4 Nf5 18. Bxf5 gxf5 19. b5 Rfe8 20. Rad1 Rad8 21. b6 axb6
22. c5 dxc5 23. Rd7 Nxd7 24. exd7+ Kh8 25. dxe8=R+ Rxe8 26. Na4 Ra8 27. Bb2 c4
28. Qxb6 Qxb6 29. Nxb6 Rxa2 30. Ba1 Rc2 31. f3 c3 32. Kf1 e4 33. fxe4 Bd4 34.
Re2 Rc1+ 1/2-1/2

[Event "13th Asian Continental 2014"]
[Site "Sharjah UAE"]
[Date "2014.04.21"]
[Round "5.31"]
[White "Al Mutairi, Hassan S"]
[Black "Al-Takrori, Husam"]
[Result "0-1"]
[WhiteElo "2106"]
[BlackElo "2097"]
[WhiteFideId "21500193"]
[BlackFideId "11501200"]
[EventDate "2014.04.17"]

1. f4 e5 2. fxe5 d6 3. Nf3 dxe5 4. e4 Be6 5. Nc3 Nc6 6. Bb5 Bd6 7. d3 f6 8. Be3
Ne7 9. d4 Bd7 10. Qe2 exd4 11. Bxd4 Nxd4 12. Nxd4 c6 13. Bc4 Qc7 14. Ne6 Bxe6
15. Bxe6 Ng6 16. g3 Qe7 17. Bf5 Ne5 18. O-O-O O-O 19. Rhe1 Rad8 20. Qf1 g6 21.
Bh3 Bb4 22. Re3 Bc5 23. Ree1 Bb4 24. Re3 Rxd1+ 25. Nxd1 Rd8 26. c3 Bc5 27. Re1
Nd3+ 28. Kb1 Nxe1 29. Qxe1 Re8 30. Bg2 f5 31. Nf2 Bxf2 32. Qxf2 fxe4 33. Qe3 c5
34. Bf1 Kg7 35. Bb5 Rf8 36. Be2 h6 37. Kc2 Qg5 38. Qxe4 Qf5 39. Bd3 Qxe4 40.
Bxe4 Rf2+ 41. Kb3 b6 42. h3 Re2 0-1

[Event "13th Asian Continental 2014"]
[Site "Sharjah UAE"]
[Date "2014.04.22"]
[Round "6.1"]
[White "Jumabayev, Rinat"]
[Black "Kasimdzhanov, Rustam"]
[Result "0-1"]
[WhiteTitle "GM"]
[BlackTitle "GM"]
[WhiteElo "2580"]
[BlackElo "2693"]
[WhiteFideId "13702661"]
[BlackFideId "14200244"]
[EventDate "2014.04.17"]

1. c4 e6 2. g3 d5 3. Bg2 Nf6 4. Nf3 dxc4 5. Qa4+ Nbd7 6. Qxc4 a6 7. Qb3 Rb8 8.
O-O b5 9. Nd4 Nc5 10. Bc6+ Bd7 11. Qc2 e5 12. Bxd7+ Qxd7 13. Nf3 e4 14. Ne5 Qh3
15. d4 exd3 16. exd3 Bd6 17. Be3 O-O 18. Bxc5 Bxe5 19. Nd2 Rfe8 20. Rfe1 Qf5 21.
Rad1 Bxb2 22. Ba7 Ra8 23. Rxe8+ Nxe8 24. Re1 Nf6 25. Ne4 Rxa7 26. Nxf6+ gxf6 27.
Qxb2 c5 28. Re4 Rd7 29. Qe2 Kg7 30. h4 Rd4 31. Re3 Qd5 32. Kh2 b4 33. Re8 Qd7
34. h5 h6 35. Ra8 Rxd3 36. Rxa6 Qd4 37. Kh3 Rd2 38. Qe3 Qd5 39. Kh4 Qh1+ 40. Kg4 0-1

[Event "13th Asian Continental 2014"]
[Site "Sharjah UAE"]
[Date "2014.04.22"]
[Round "6.2"]
[White "Sethuraman, S.P."]
[Black "Yu, Yangyi"]
[Result "0-1"]
[WhiteTitle "GM"]
[BlackTitle "GM"]
[WhiteElo "2576"]
[BlackElo "2667"]
[WhiteFideId "5021596"]
[BlackFideId "8603820"]
[EventDate "2014.04.17"]

1. e4 c5 2. Nf3 e6 3. d4 cxd4 4. Nxd4 a6 5. Bd3 Nf6 6. O-O Qc7 7. Qe2 d6 8. c4
Be7 9. Nc3 b6 10. f4 Nbd7 11. Kh1 O-O 12. Bd2 Bb7 13. Rae1 Rfd8 14. b4 Rac8 15.
a3 Bf8 16. Rc1 g6 17. f5 Re8 18. fxe6 fxe6 19. e5 dxe5 20. Nf3 Nh5 21. g3 Ndf6
22. Kg1 Rcd8 23. Bb1 e4 24. Nxe4 Nxe4 25. Bxe4 Nxg3 26. hxg3 Qxg3+ 27. Qg2 Qxg2+
28. Kxg2 Bxe4 29. Be3 Rd3 30. Bxb6 Rxa3 31. c5 Bh6 32. Rce1 Bd5 33. Rd1 Ba8 34.
Rd6 Bf4 0-1

[Event "13th Asian Continental 2014"]
[Site "Sharjah UAE"]
[Date "2014.04.22"]
[Round "6.3"]
[White "Rahman, Ziaur"]
[Black "Adhiban, Baskaran"]
[Result "0-1"]
[WhiteTitle "GM"]
[BlackTitle "GM"]
[WhiteElo "2513"]
[BlackElo "2609"]
[WhiteFideId "10200037"]
[BlackFideId "5018471"]
[EventDate "2014.04.17"]

1. d4 d5 2. Nf3 Nf6 3. c4 e6 4. g3 Bb4+ 5. Bd2 Be7 6. Bg2 O-O 7. O-O Nbd7 8. Qc2
c6 9. Rd1 a5 10. Bf4 Nh5 11. Bc1 f5 12. Nc3 Bd6 13. Bg5 Qe8 14. e3 h6 15. Bf4
Be7 16. Ne2 Nhf6 17. Bc7 g5 18. Ne5 Ne4 19. Nxd7 Bxd7 20. c5 Qc8 21. Be5 Be8 22.
Nc3 Bh5 23. Re1 Nf6 24. Na4 Nd7 25. Qc3 Qd8 26. a3 Nxe5 27. dxe5 f4 28. exf4
gxf4 29. Bh3 fxg3 30. Bxe6+ Kh8 31. hxg3 d4 32. Qd3 Bg5 33. Bf5 Qe7 34. Nb6 Rad8
35. b4 Qf7 36. g4 Bxg4 37. Bxg4 Qxf2+ 38. Kh1 Be3 39. Re2 Qh4+ 40. Rh2 Qxg4 41.
Qe2 Rf3 42. Nc4 Qe4 43. Qg2 Rg8 44. Nxe3 Rxg2 45. Nxg2 d3 46. Re1 d2 47. Rxh6+
Kg7 48. Rxe4 d1=Q+ 49. Re1 Rf1+ 0-1

[Event "13th Asian Continental 2014"]
[Site "Sharjah UAE"]
[Date "2014.04.22"]
[Round "6.5"]
[White "Al-Sayed, Mohammed"]
[Black "Bu, Xiangzhi"]
[Result "0-1"]
[WhiteTitle "GM"]
[BlackTitle "GM"]
[WhiteElo "2502"]
[BlackElo "2699"]
[WhiteFideId "12100196"]
[BlackFideId "8601445"]
[EventDate "2014.04.17"]

1. Nf3 Nf6 2. g3 c5 3. Bg2 d5 4. O-O Nc6 5. d4 e6 6. c4 dxc4 7. Qa4 Bd7 8. Qxc4
b5 9. Qd3 c4 10. Qd1 Rc8 11. Bg5 Be7 12. Nc3 b4 13. Bxf6 gxf6 14. Ne4 O-O 15.
Qd2 f5 16. Nc5 Be8 17. e3 Bxc5 18. dxc5 Qxd2 19. Nxd2 Ne5 20. f4 c3 21. fxe5
cxd2 22. Rad1 Rxc5 23. Rxd2 Rxe5 24. Rf4 b3 25. axb3 Rxe3 26. Rb4 Re5 27. Rb7 a6
28. Ra7 Bb5 29. Bb7 Re3 30. Bxa6 Re1+ 31. Kf2 Ra1 32. Rd6 Ra2 33. Ke3 Rb8 34.
Kd4 Bxa6 35. Kc3 Rc8+ 36. Kb4 Rxb2 37. Raxa6 Rb8+ 38. Rab6 Rxb6+ 39. Rxb6 Rxh2
40. Rc6 Rh3 41. Rc3 h5 42. Kc4 f4 43. Kd4 0-1

[Event "13th Asian Continental 2014"]
[Site "Sharjah UAE"]
[Date "2014.04.22"]
[Round "6.7"]
[White "Salem, A.R. Saleh"]
[Black "Nguyen, Ngoc Truong Son"]
[Result "1/2-1/2"]
[WhiteTitle "GM"]
[BlackTitle "GM"]
[WhiteElo "2561"]
[BlackElo "2621"]
[WhiteFideId "9301348"]
[BlackFideId "12401110"]
[EventDate "2014.04.17"]

1. e4 e6 2. d4 d5 3. Nc3 Nf6 4. Bg5 Be7 5. e5 Nfd7 6. Bxe7 Qxe7 7. f4 a6 8. Qh5
c5 9. Nf3 Nc6 10. O-O-O cxd4 11. Nxd4 Nc5 12. Nf5 g6 13. Nxe7 gxh5 14. Nxc6 bxc6
15. Be2 h4 16. g3 a5 17. gxh4 Ba6 18. Bh5 O-O 19. a3 f6 20. b4 axb4 21. axb4 Nd7
22. Bg4 Rae8 23. Rde1 fxe5 24. fxe5 Rf4 25. Rhg1 Kh8 26. h5 h6 27. b5 Bxb5 28.
Nxb5 cxb5 29. Be2 Nxe5 30. Bxb5 Ra8 31. Rgf1 Rxf1 32. Rxf1 Kg7 33. Kd2 Ra3 34.
Be2 Ra4 35. Rg1+ Kf6 36. Rg3 Kf5 37. h3 Ra1 38. Rg8 Kf6 39. Rh8 Nf7 40. Rg8 Ne5
41. Rh8 Nf7 42. Rg8 Ne5 1/2-1/2

[Event "13th Asian Continental 2014"]
[Site "Sharjah UAE"]
[Date "2014.04.22"]
[Round "6.10"]
[White "Ganguly, Surya Shekhar"]
[Black "Kunte, Abhijit"]
[Result "1/2-1/2"]
[WhiteTitle "GM"]
[BlackTitle "GM"]
[WhiteElo "2631"]
[BlackElo "2470"]
[WhiteFideId "5002150"]
[BlackFideId "5002265"]
[EventDate "2014.04.17"]

1. e4 e5 2. Nf3 Nc6 3. Bb5 a6 4. Ba4 Nf6 5. O-O Be7 6. Re1 d6 7. c3 O-O 8. h3
Bd7 9. d4 Re8 10. Nbd2 Bf8 11. Bc2 h6 12. Nf1 a5 13. Ng3 a4 14. dxe5 Nxe5 15.
Nd4 g6 16. f4 Nc4 17. Bd3 b5 18. Rb1 c5 19. Nf3 Bc6 20. b3 axb3 21. axb3 Na5 22.
c4 bxc4 23. bxc4 Bg7 24. Bd2 Nd7 25. Qc2 Nb7 26. Ne2 Ba4 27. Qc1 Na5 28. Bc3 Nc6
29. Bc2 Bxc2 30. Qxc2 Nb4 31. Bxb4 cxb4 32. Rxb4 Nc5 33. Ned4 Bxd4+ 34. Nxd4 1/2-1/2

[Event "13th Asian Continental 2014"]
[Site "Sharjah UAE"]
[Date "2014.04.22"]
[Round "6.11"]
[White "Dao, Thien Hai"]
[Black "Vidit, Santosh Gujrathi"]
[Result "1/2-1/2"]
[WhiteTitle "GM"]
[BlackTitle "GM"]
[WhiteElo "2490"]
[BlackElo "2610"]
[WhiteFideId "12400084"]
[BlackFideId "5029465"]
[EventDate "2014.04.17"]

1. d4 Nf6 2. c4 e6 3. Nc3 Bb4 4. Qc2 b6 5. a3 Bxc3+ 6. Qxc3 Bb7 7. Nf3 d6 8. g3
O-O 9. Bg2 Nbd7 10. O-O Be4 11. b4 Qb8 12. Re1 c6 13. Bh3 d5 14. Bf4 Qb7 15. Nd2
Bg6 16. Rec1 Rfc8 17. Qb2 Ne4 18. Nxe4 Bxe4 19. Rc3 dxc4 20. Rxc4 b5 21. Rcc1
Nb6 22. f3 Bd5 23. e4 Bc4 24. Rd1 Rd8 25. Rac1 a5 26. bxa5 Rxa5 27. Bd2 Ra7 28.
Bb4 Na4 29. Qf2 Qb6 30. Rd2 Rad7 31. Rcd1 Bb3 32. Rb1 Bc4 33. Rbd1 Bb3 34. Rb1
Bc4 1/2-1/2

[Event "13th Asian Continental 2014"]
[Site "Sharjah UAE"]
[Date "2014.04.22"]
[Round "6.12"]
[White "Vakhidov, Jahongir"]
[Black "Gopal, G.N."]
[Result "1/2-1/2"]
[WhiteTitle "IM"]
[BlackTitle "GM"]
[WhiteElo "2472"]
[BlackElo "2553"]
[WhiteFideId "14201801"]
[BlackFideId "5015693"]
[EventDate "2014.04.17"]

1. d4 Nf6 2. c4 g6 3. Nf3 Bg7 4. e3 O-O 5. Be2 d5 6. cxd5 Nxd5 7. e4 Nb6 8. O-O
c5 9. d5 e6 10. Bg5 Bf6 11. Bxf6 Qxf6 12. Nc3 Rd8 13. Qb3 exd5 14. exd5 Bf5 15.
Rad1 N8d7 16. a4 Rab8 17. Nd2 h5 18. Rfe1 Re8 19. Bf1 Rxe1 20. Rxe1 Qd4 21. Nc4
Nxc4 22. Qxc4 Nf6 23. Rd1 Qxc4 24. Bxc4 Kf8 25. f3 Rd8 26. Kf2 Ne8 27. Be2 Nd6
28. Rd2 Ke7 29. Ke3 h4 30. g4 hxg3 31. hxg3 Rh8 32. g4 Bd7 33. b3 b6 34. Bd3 g5
35. Ne4 f6 36. Ng3 Rh3 37. Rg2 Kf7 38. a5 b5 39. Ne4 Nxe4 40. Bxe4 Ke7 41. d6+
Kxd6 42. Rd2+ Ke7 43. Rd5 Bxg4 44. Kf2 f5 45. fxg4 fxe4 46. Rxc5 Rxb3 47. Rxg5
Ke6 48. Rg7 Rf3+ 49. Ke2 Rf7 50. Rg5 a6 51. Ke3 Kf6 52. Rf5+ Kg6 53. Rc5 b4 54.
Kxe4 Rf1 55. Kd3 b3 56. Rc6+ Kg5 57. Rb6 Ra1 58. Ke4 1/2-1/2

[Event "13th Asian Continental 2014"]
[Site "Sharjah UAE"]
[Date "2014.04.22"]
[Round "6.13"]
[White "Chu, Wei Chao"]
[Black "Gundavaa, Bayarsaikhan"]
[Result "1/2-1/2"]
[BlackTitle "GM"]
[WhiteElo "2315"]
[BlackElo "2507"]
[WhiteFideId "8605661"]
[BlackFideId "4901045"]
[EventDate "2014.04.17"]

1. d4 Nf6 2. c4 e6 3. Nf3 d5 4. g3 Bb4+ 5. Bd2 Be7 6. Bg2 c6 7. Qc2 O-O 8. O-O
Nbd7 9. Bf4 Nh5 10. Bc1 f5 11. b3 Bd6 12. a4 a5 13. Ba3 Bxa3 14. Nxa3 Qe7 15.
Rfc1 Nhf6 16. Qb2 Ne4 17. Nc2 b6 18. Nce1 Bb7 19. Nd3 c5 20. Nfe5 Nxe5 21. Nxe5
f4 22. Nd3 fxg3 23. hxg3 Rf5 24. e3 Raf8 25. Rc2 Qg5 26. Nf4 Qh6 27. cxd5 exd5
28. Rac1 g5 29. Bxe4 dxe4 30. Ng2 Qf6 31. dxc5 Qxb2 32. Rxb2 bxc5 33. Rd2 R8f7
34. Ne1 Kg7 35. Rc3 Bc8 36. Nc2 Rd7 37. Rxd7+ Bxd7 38. Na3 Rd5 39. Rc1 Bg4 40.
Nc4 Be2 41. g4 Bxg4 42. Nxa5 h5 43. Nc4 Bd1 44. a5 Bxb3 45. a6 Rd7 46. Na5 Bd5
47. Rd1 Kf6 48. Nc4 Be6 49. Rxd7 Bxd7 50. Na5 Be6 51. Nb7 Bd5 52. Nxc5 Ke7 53.
Na4 Kd6 54. Nb6 Bc6 55. a7 Kc7 56. Nc4 Bd5 57. Kh2 h4 58. Kg2 g4 59. Kh2 Ba8 60.
Kg2 Kb7 61. Ne5 g3 62. fxg3 hxg3 63. Kxg3 Kxa7 64. Kf4 Kb6 65. Nd7+ Kc7 66. Nc5
Kd6 67. Nxe4+ Bxe4 68. Kxe4 Ke6 1/2-1/2